000
00224 a2200097 4500
001
14152
100
_a
Pugh A.K
245
_a
Language & language use
260
_a
London
_b
Heinemann education book
_c
090
_c
11096
_d
11096
942
_a
NUST-CAE
_c
M
_c
1221
999
_c
249225
_d
249225